000 00439nam a2200157 4500
001 131826
003 ES-MaACL
005 20230906194044.0
007 t|
008 070214s1952 cu r ||||1| spa d
100 1 _aRodríguez Méndez, José.
_998658
245 1 0 _aClima de la muerte /
_cJosé Rodríguez Méndez.
260 _aLa Habana :
_bUcar García,
_c1952.
300 _a47 p. ;
_c14 cm.
852 _aES-MaACL
_j1945-F-1
_bR.32689
999 _c131826
_d131826